| 000 | 00354nam a2200145Ia 4500 | ||
|---|---|---|---|
| 003 | LK-CoDNM | ||
| 008 | 010623t xxu||||| |||| 00| 1 eng d | ||
| 040 |
_aLK-CoDNM _dLK-CoDNM _eLK-CoDNM |
||
| 041 | _aeng | ||
| 080 |
_a343.57 _bNAT |
||
| 245 | _aNational Dangerous Drugs Control Board And You | ||
| 300 | _bp.15, 21 cm | ||
| 650 | _aAlcohol | ||
| 942 | _cBK | ||
| 999 |
_c135091 _d135091 |
||